Introduction to Comparative Government and Politics/ (Record no. 199498)
[ view plain ]
| 000 -LEADER | |
|---|---|
| fixed length control field | 00900nam a22002297a 4500 |
| 005 - DATE AND TIME OF LATEST TRANSACTION | |
| control field | 20240321112921.0 |
| 008 - FIXED-LENGTH DATA ELEMENTS--GENERAL INFORMATION | |
| fixed length control field | 110317t xxu||||| |||| 00| 0 eng d |
| 010 ## - LCCN (DPL NO) | |
| LC control number | B-755925-929 ENG-139562 |
| 020 ## - INTERNATIONAL STANDARD BOOK NUMBER | |
| International Standard Book Number | 9788194802150 |
| Terms of availability | 495.00 |
| 035 ## - SYSTEM CONTROL NUMBER | |
| System control number | B-755925-929 |
| 035 ## - SYSTEM CONTROL NUMBER | |
| System control number | EN-123394 |
| 037 ## - SOURCE OF ACQUISITION | |
| Source of stock number/acquisition | Academic Aspirations |
| 082 ## - DEWEY DECIMAL CLASSIFICATION NUMBER | |
| Classification number | 320.3 |
| 100 1# - MAIN ENTRY--PERSONAL NAME | |
| 9 (RLIN) | 26630 |
| Personal name | Purohit, Vasudha |
| 245 10 - TITLE STATEMENT | |
| Title | Introduction to Comparative Government and Politics/ |
| Statement of responsibility, etc | By - Vasudha Purohit |
| 260 ## - PUBLICATION, DISTRIBUTION, ETC. (IMPRINT) | |
| Place of publication, distribution, etc | New Delhi |
| Name of publisher, distributor, etc | Academic Aspirations |
| Date of publication, distribution, etc | 2022 |
| 270 ## - ADDRESS | |
| Address | 4740/23, Ansari Road, Darya Ganj, |
| City | New Delhi |
| Postal code | 110002 |
| 300 ## - PHYSICAL DESCRIPTION | |
| Extent | viii, 280p. |
| Dimensions | 23cm (pbk) |
| 500 ## - GENERAL NOTE | |
| General note | Includes index |
| 942 ## - ADDED ENTRY ELEMENTS (KOHA) | |
| Source of classification or shelving scheme | Dewey Decimal Classification |
| Item type | English Books |
| Call number suffix | PUR |
| Classification part | 320.3 |
| Withdrawn status | Lost status | Source of classification or shelving scheme | Damaged status | Not for loan | Collection code | Home library | Current library | Date acquired | Source of acquisition | Cost, normal purchase price | Total Checkouts | Total Renewals | Full call number | Barcode | Date last seen | Copy number | Cost, replacement price | Koha item type |
|---|---|---|---|---|---|---|---|---|---|---|---|---|---|---|---|---|---|---|
| Dewey Decimal Classification | Non-fiction | Bawana | Bawana | 21/03/2024 | DBAD | 495.00 | PUR 320.3 | EN-123394 | 21/03/2024 | 1 | 495.00 | English Books | ||||||
| Dewey Decimal Classification | Non-fiction | Central Library | Central Library | 27/12/2023 | Academic Aspirations/IN-00172/24.11.23/24/23.11.23/1.12.23 | 495.00 | 5 | 2 | PUR 320.3 | B-755925 | 01/04/2026 | 1 | 495.00 | English Books | ||||
| Dewey Decimal Classification | Non-fiction | Janak Puri | Janak Puri | 27/12/2023 | Academic Aspirations/IN-00172/24.11.23/24/23.11.23/1.12.23 | 495.00 | PUR 320.3 | B-755927 | 27/12/2023 | 3 | 495.00 | English Books | ||||||
| Dewey Decimal Classification | Non-fiction | Mobile Library | Mobile Library | 27/12/2023 | Academic Aspirations/IN-00172/24.11.23/24/23.11.23/1.12.23 | 495.00 | PUR 320.3 | B-755926 | 27/12/2023 | 2 | 495.00 | English Books | ||||||
| Dewey Decimal Classification | Non-fiction | Sarojini Nagar | Sarojini Nagar | 27/12/2023 | Academic Aspirations/IN-00172/24.11.23/24/23.11.23/1.12.23 | 495.00 | 3 | 2 | PUR 320.3 | B-755928 | 17/03/2026 | 4 | 495.00 | English Books | ||||
| Dewey Decimal Classification | Non-fiction | Shahdara Branch | Shahdara Branch | 27/12/2023 | Academic Aspirations/IN-00172/24.11.23/24/23.11.23/1.12.23 | 495.00 | PUR 320.3 | B-755929 | 27/12/2023 | 5 | 495.00 | English Books |
